000
00277nam a22001337a 4500
008
170620b xxu||||| |||| 00| 0 eng d
020
_a
8007653131
041
_a
eng
080
_a
328
100
_a
20
101
_a
SHP
245
_a
PERSPECTIVES
_c
WALKER,T
942
_2
udc
_c
BK
999
_c
18216
_d
18216